[Event "GER-chT U12"]
[Site "Verden"]
[Date "2005.12.29"]
[Round "6.3"]
[White "Birnkraut, Nils"]
[Black "Von Karger, Viktor"]
[Result "0-1"]
[WhiteElo "1394"]
[BlackElo "1277"]
[PlyCount "134"]
[EventDate "2005.12.27"]
[EventType "team-swiss"]
[EventRounds "7"]
[EventCountry "GER"]
[SourceTitle "CBM 110 Extra"]
[Source "ChessBase"]
[SourceDate "2006.03.10"]
[SourceVersion "2"]
[SourceVersionDate "2006.03.10"]
[SourceQuality "1"]

1. e4 e5 2. Nf3 Nc6 3. Bc4 Be7 4. d3 Nf6 5. Bg5 0-0 6. Nbd2 d6 7. 0-0 d5 8. Bxf6 dxc4 9. Bxe7 Nxe7 10. Nxc4 Ng6 11. Ncxe5 Nxe5 12. Nxe5 Qf6 13. f4 Qb6+ 14. Kh1 Qxb2 15. Nc4 Qc3 16. Qd2 Qd4 17. c3 Qd8 18. Rad1 Bg4 19. Rde1 Be6 20. Ne3 c5 21. d4 cxd4 22. cxd4 Qb6 23. d5 Rad8 24. f5 Bd7 25. e5 Rfe8 26. Nc4 Qc7 27. Qd4 Bb5 28. Rf4 Bxc4 29. Qxc4 Rxe5 30. Rxe5 Qxe5 31. h3 Qxd5 32. Qxd5 Rxd5 33. Ra4 a6 34. Rb4 b5 35. a4 Rxf5 36. Kh2 g6 37. axb5 Rxb5 38. Ra4 a5 39. Kg3 g5 40. Kf3 f5 41. g4 f4 42. Ra3 Kf7 43. Ra4 Ke6 44. Ra1 Kd5 45. Rd1+ Kc6 46. Ke4 a4 47. Rc1+ Rc5 48. Ra1 Kb5 49. Kd4 Rc4+ 50. Kd3 f3 51. Ke3 Rf4 52. Rb1+ Kc4 53. Kf2 a3 54. Rb7 a2 55. Rc7+ Kb3 56. Rb7+ Rb4 57. Ra7 Kb2 58. Rxa2+ Kxa2 59. Kxf3 Rb3+ 60. Kg2 Kb2 61. Kh2 Kc2 62. Kg2 Kd2 63. Kh2 Ke2 64. Kg2 Ke1 65. Kh2 Kf2 66. h4 gxh4 67. g5 Rc3 0-1

[Event "GER-chT U12"]
[Site "Verden"]
[Date "2005.12.28"]
[Round "4.3"]
[White "Birnkraut, Nils"]
[Black "Gisy, Roberto"]
[Result "0-1"]
[WhiteElo "1394"]
[BlackElo "1422"]
[PlyCount "84"]
[EventDate "2005.12.27"]
[EventType "team-swiss"]
[EventRounds "7"]
[EventCountry "GER"]
[SourceTitle "CBM 110 Extra"]
[Source "ChessBase"]
[SourceDate "2006.03.10"]
[SourceVersion "2"]
[SourceVersionDate "2006.03.10"]
[SourceQuality "1"]

1. e4 e5 2. Nf3 Nc6 3. Bc4 Nf6 4. d3 Be7 5. Bg5 d6 6. c3 h6 7. Bh4 g5 8. Bg3 Be6 9. Qb3 Bxc4 10. Qxc4 Qd7 11. 0-0 d5 12. Qa4 Bd6 13. Re1 dxe4 14. dxe4 0-0-0 15. Rd1 Qe7 16. Qc2 Rdg8 17. c4 h5 18. h4 gxh4 19. Nxh4 Nd4 20. Qd3 Bc5 21. a3 Rxg3 22. fxg3 Nc2+ 23. Kh1 Nxa1 24. Rc1 Ng4 25. Qf3 Qg5 26. Qf5+ Qxf5 27. Nxf5 Nb3 28. Rf1 Nf2+ 29. Kh2 Nxe4 30. Re1 Nf2 31. Nc3 Nd4 32. Nxd4 Bxd4 33. Nd5 Ng4+ 34. Kh3 Kd7 35. b3 c6 36. Nb4 Bc3 37. Rd1+ Ke6 38. Nd3 Bd4 39. Kh4 Ne3 40. Rd2 Nf5+ 41. Kh3 Rg8 42. Re2 Rxg3+ 0-1

[Event "GER-chT U12"]
[Site "Verden"]
[Date "2005.12.27"]
[Round "2.3"]
[White "Birnkraut, Nils"]
[Black "Foss, David"]
[Result "0-1"]
[WhiteElo "1394"]
[BlackElo "1348"]
[PlyCount "98"]
[EventDate "2005.12.27"]
[EventType "team-swiss"]
[EventRounds "7"]
[EventCountry "GER"]
[SourceTitle "CBM 110 Extra"]
[Source "ChessBase"]
[SourceDate "2006.03.10"]
[SourceVersion "2"]
[SourceVersionDate "2006.03.10"]
[SourceQuality "1"]

1. e4 d5 2. exd5 Qxd5 3. Nc3 Qd6 4. d4 Nf6 5. Nf3 a6 6. g3 Bf5 7. Bg2 e6 8. 0-0 Nbd7 9. Bf4 Qb6 10. Rb1 Bd6 11. Be3 c6 12. d5 Qc7 13. dxc6 Qxc6 14. Ne5 Qc7 15. Nxd7 Qxd7 16. Bg5 Rd8 17. Re1 Be7 18. Qxd7+ Rxd7 19. Ne4 Bxe4 20. Bxe4 Nxe4 21. Bxe7 Nxg3 22. Bf6 Ne2+ 23. Kf1 gxf6 24. Kxe2 Rg8 25. Rg1 Rxg1 26. Rxg1 Kf8 27. h4 Rd4 28. h5 Rh4 29. Rg3 Rxh5 30. Rb3 Rb5 31. Rxb5 axb5 32. Ke3 b6 33. Ke4 f5+ 34. Kf4 f6 35. c3 Ke7 36. b3 Kd6 37. f3 Kc5 38. a3 Kd5 39. Ke3 e5 40. f4 h5 41. Kf3 h4 42. Ke3 h3 43. Kf2 Ke4 44. Kg3 h2 45. Kxh2 Kxf4 46. c4 bxc4 47. bxc4 Ke4 48. c5 bxc5 49. a4 Kd5 0-1

[Event "GER-chT U12"]
[Site "Verden"]
[Date "2005.12.27"]
[Round "1.3"]
[White "Nitsche Hahn, Raphael"]
[Black "Birnkraut, Nils"]
[Result "1/2-1/2"]
[WhiteElo "1488"]
[BlackElo "1394"]
[PlyCount "47"]
[EventDate "2005.12.27"]
[EventType "team-swiss"]
[EventRounds "7"]
[EventCountry "GER"]
[SourceTitle "CBM 110 Extra"]
[Source "ChessBase"]
[SourceDate "2006.03.10"]
[SourceVersion "2"]
[SourceVersionDate "2006.03.10"]
[SourceQuality "1"]

1. d4 d5 2. c4 e6 3. Nf3 Nf6 4. e3 Bb4+ 5. Bd2 Bxd2+ 6. Nbxd2 Nbd7 7. Be2 0-0 8. 0-0 Re8 9. cxd5 exd5 10. Rc1 c6 11. b4 Qc7 12. b5 Qd6 13. bxc6 bxc6 14. Qc2 Bb7 15. Ng5 h6 16. Ngf3 Rec8 17. Rb1 Rc7 18. Qa4 c5 19. Rfc1 c4 20. Qa5 a6 21. Qc3 Re8 22. Rb2 Ba8 23. Rcb1 Rcc8 24. Rc1 1/2-1/2

[Event "NRW-ch U12"]
[Site "Wolfsburg"]
[Date "2004.04.15"]
[Round "5"]
[White "Pliete, Henning"]
[Black "Birnkraut, Nils"]
[Result "0-1"]
[WhiteElo "987"]
[BlackElo "1104"]
[PlyCount "48"]
[EventDate "2004.04.??"]
[EventType "swiss"]
[EventRounds "7"]
[EventCountry "GER"]
[SourceTitle "EXT 2005"]
[Source "ChessBase"]
[SourceDate "2004.11.15"]
[SourceVersion "1"]
[SourceVersionDate "2004.11.15"]
[SourceQuality "1"]

1. e4 e5 2. Nf3 Nc6 3. Bc4 Bc5 4. Nc3 Nf6 5. d3 d6 6. 0-0 Bg4 7. h3 Bh5 8. a3 Nd4 9. g4 Bg6 10. Bg5 h5 11. Nxd4 Bxd4 12. Nd5 c6 13. Ne3 Qd7 14. c3 Bb6 15. Nf5 0-0-0 16. Nxg7 Qe7 17. Nf5 Bxf5 18. gxf5 Rdg8 19. h4 Nh7 20. Kg2 Nxg5 21. hxg5 Qxg5+ 22. Kh3 Qg2+ 23. Kh4 Rg4+ 24. Qxg4 Qxg4# 0-1

[Event "Dortmund Dreikoenig-B"]
[Site "Dortmund"]
[Date "2003.01.05"]
[Round "7"]
[White "Soelbrandt, Robin"]
[Black "Birnkraut, Nils"]
[Result "1-0"]
[WhiteElo "1071"]
[BlackElo "1070"]
[PlyCount "55"]
[EventDate "2003.01.??"]
[EventType "tourn"]
[EventRounds "9"]
[EventCountry "GER"]
[SourceTitle "EXT 2005"]
[Source "ChessBase"]
[SourceDate "2004.11.15"]
[SourceVersion "1"]
[SourceVersionDate "2004.11.15"]
[SourceQuality "1"]

1. e4 e5 2. Nf3 Nc6 3. d4 exd4 4. Nxd4 Nxd4 5. Qxd4 Nf6 6. e5 Nh5 7. g4 Nf6 8. exf6 gxf6 9. g5 Bg7 10. gxf6 Bxf6 11. Qe4+ Kf8 12. Bh6+ Bg7 13. Bxg7+ Kxg7 14. Qe5+ Kh6 15. Rg1 Rg8 16. Qf4+ Qg5 17. Rxg5 Rxg5 18. Qxf7 Re5+ 19. Be2 d6 20. Qxc7 Bg4 21. Nc3 Re6 22. Rd1 Rae8 23. Rxd6 Kh5 24. Qf7+ Kh4 25. Qxh7+ Kg5 26. Qg7+ Kh5 27. Qxg4+ Kh6 28. Rxe6+ 1-0

[Event "Dortmund Dreikoenig-B"]
[Site "Dortmund"]
[Date "2003.01.04"]
[Round "5"]
[White "Birnkraut, Nils"]
[Black "Sennholz, Michael"]
[Result "0-1"]
[WhiteElo "1070"]
[BlackElo "1222"]
[PlyCount "85"]
[EventDate "2003.01.??"]
[EventType "tourn"]
[EventRounds "9"]
[EventCountry "GER"]
[SourceTitle "EXT 2005"]
[Source "ChessBase"]
[SourceDate "2004.11.15"]
[SourceVersion "1"]
[SourceVersionDate "2004.11.15"]
[SourceQuality "1"]

1. e4 c5 2. Nf3 d6 3. Nc3 e6 4. d4 cxd4 5. Qxd4 Nc6 6. Qd1 Nf6 7. Bg5 Be7 8. Bd3 0-0 9. 0-0 Qc7 10. Re1 a6 11. a3 Bd7 12. Rb1 b5 13. b3 Rac8 14. a4 Nb4 15. Ne2 Nxd3 16. cxd3 Rb8 17. Rc1 Qb7 18. e5 dxe5 19. Nxe5 Rfd8 20. Nxd7 Qxd7 21. Nf4 bxa4 22. bxa4 Rb4 23. Ra1 Qd4 24. Bxf6 Bxf6 25. Re4 Qxe4 26. dxe4 Rxd1+ 27. Rxd1 Rxe4 28. Nh5 Rxa4 29. Nxf6+ gxf6 30. Rd8+ Kg7 31. h3 Ra1+ 32. Kh2 f5 33. g4 fxg4 34. hxg4 a5 35. f4 a4 36. Ra8 a3 37. f5 exf5 38. gxf5 a2 39. Kg3 Rg1+ 40. Kf2 a1Q 41. Rxa1 Rxa1 42. Ke3 Kf6 43. Kf4 0-1